000
00298nam a22001337a 4500
008
171106b xxu||||| |||| 00| 0 eng d
020
_a
9790324026459
041
_a
eng
080
_2
4 ED
_a
330.722.6
100
_a
61
101
_a
KON
245
_a
COST ACCOUTING
_c
BARFIELD.R
942
_2
udc
_c
BK
999
_c
37731
_d
37731